Zodpovednosť v logistike nie je len zelenosť

Výstup z kongresu Eastlog, ktorý bol zameraný na zodpovednú logistiku. Cirkularita ako úspešný obchodný a výrobný model. Zodpovednosť voči životnému prostrediu a zodpovednosť k zamestnancom, napríklad k vzhľadom na implementáciu nových technológií.

Salvato in:
Dettagli Bibliografici
Autore principale: Břen, Stanislav
Natura: Capitolo di libro
Lingua:slovacco
Soggetti:
Tags: Aggiungi Tag
Nessun Tag, puoi essere il primo ad aggiungerne!!

MARC

LEADER 00000naa a2200000 4500
001 0305082
005 20241113103743.4
041 0 |a slo 
044 |a SK 
245 1 0 |a Zodpovednosť v logistike nie je len zelenosť  |c Stanislav Břen 
520 |a Výstup z kongresu Eastlog, ktorý bol zameraný na zodpovednú logistiku. Cirkularita ako úspešný obchodný a výrobný model. Zodpovednosť voči životnému prostrediu a zodpovednosť k zamestnancom, napríklad k vzhľadom na implementáciu nových technológií. 
610 2 0 |a logistika 
610 2 0 |a zodpovednosť 
610 2 0 |a zamestnanci 
610 2 0 |a technológie nové 
610 2 0 |a modely obchodné 
100 1 |a Břen, Stanislav